Reflective teaching in the primary school

Αποθηκεύτηκε σε:
Λεπτομέρειες βιβλιογραφικής εγγραφής
Κύριος συγγραφέας: Pollard, Andrew
Μορφή: Βιβλίο
Γλώσσα:English
Δημοσίευση: London : Cassell, 1997
Έκδοση:3rd ed.
Θέματα:
Ετικέτες: Προσθήκη ετικέτας
Δεν υπάρχουν, Καταχωρήστε ετικέτα πρώτοι!

MARC

LEADER 00000nam a2200000 i 4500
001 1/94396
008 991126s1997 eng d
020 |a 0-304-33870-2 
035 |l 10054788 
040 |a GR-MY-UA  |b gre  |e aacr 
041 0 |a eng 
082 0 |a 372.1102 
100 1 |a Pollard, Andrew. 
245 1 0 |a Reflective teaching in the primary school /  |c Andrew Pollard 
250 |a 3rd ed. 
260 |a London :   |b Cassell,   |c 1997 
300 |a 422 p. 
650 0 0 |a Elementary school teaching  |z Great Britain. 
650 0 0 |a Elementary school teachers  |x Self-rating of  |z Great Britain. 
852 |a INST  |b RHODES  |e 19991126  |h 372.1102 POL  |p 005400012597  |q 005400012597  |t BK  |y 0 
901 |a BIBL4-1999-3 
909 |a Ρ  |b 069026 
922 |a 4ΕΛΗ  |b 199909  |c ΚΠΣ/154  |d GHLORY BOOKS 
970 |a ΚΟΥΛΑΚΙΟΤΗ  |b ΛΙΤΣΑ  |z 1999/11/26